000
00224nam a2200085Ia 4500
008
170620s9999 xx 000 0 und d
100
_a
Bare- Act
245
0
_a
CODE OF CIVIL PROCEDURE : AMENDMENT ACT 2002
260
_b
Allahabad Law Agency
260
_c
2002
999
_c
29378
_d
29378